| 000 | 01099nam a2200277 a 4500 | ||
|---|---|---|---|
| 001 | 26711 | ||
| 003 | CO-ViMGA | ||
| 008 | 141112s2004 ck r 000 u spa d | ||
| 020 | _a9788441323902 | ||
| 040 |
_aCO-ViMGA _bspa _cCO-ViMGA |
||
| 082 | 0 | 4 | _aI808.831 P27g |
| 100 | 1 |
_aMolero i Loret, Natalia 1959 - _93876 |
|
| 245 | 1 | 0 |
_aEl gato con botas : _badaptación del cuento de Charles Perrault ; [adaptación del cuento original, Natalia Molero ; ilustraciones, Cardona Estudio] |
| 260 |
_aBarcelona : _bFolio, _cc2007 |
||
| 300 | _a10, 16 p. : il. ; 21 cm | ||
| 490 | 0 | _aTeatro - cuentos | |
| 500 | _aAcompañado de 3 títeres de cartón | ||
| 501 | _aCon : guión del cuento | ||
| 505 | _aEl gato con botas, el guión ; El gato con botas, el cuento ilustrado | ||
| 598 | _aNEW - GRAL, NEW | ||
| 650 | 1 | 4 | _aCuentos clásicos infantiles - Colecciones |
| 700 | 1 |
_aPerrault, Charles, 1628 - 1703 _92411 |
|
| 917 | _a2010 - 1965 3 vols. + 9 títeres y un teatrino | ||
| 942 |
_2ddc _cBK |
||
| 990 | _a2010 - 1965 Círculo de Lectores 3 vols. + 9 títeres y un teatrino 21 02032010 a711408 | ||
| 999 |
_c10059 _d10059 |
||